| 000 | 01441aam a2200385 a 4500 | ||
|---|---|---|---|
| 001 | 1144143 | ||
| 003 | OSt | ||
| 005 | 20140310181620.0 | ||
| 008 | 950627s2000 nyu j 000 1 eng | ||
| 010 | _a 95031655 | ||
| 020 | _a0590603639 | ||
| 035 | _a(DLC) 95031655 | ||
| 040 |
_aDLC _cDLC _dDLC |
||
| 042 | _alcac | ||
| 043 |
_ae-cs--- _ae------ |
||
| 050 | 0 | 0 |
_aPZ 7 _b.Is73 2000 |
| 082 | 0 | 0 |
_aFIC _bIs1 2000 |
| 100 | 1 |
_aIsaacs, Anne. _918858 |
|
| 245 | 1 | 0 |
_aTorn thread / _cAnne Isaacs. |
| 250 | _a1st ed. | ||
| 260 |
_aNew York : _bScholastic Press, _cc2000. |
||
| 300 |
_a188 p. ; _c22 cm. |
||
| 520 | _aIn an attempt to save his daughter's life, Eva's father sends her from Poland to a labor camp in Czechoslovakia where she and her sister survive the war. | ||
| 650 | 0 |
_aWorld War, 1939-1945 _xJews _xJuvenile fiction. _918859 |
|
| 650 | 0 |
_aHolocaust, Jewish (1939-1945) _xJuvenile fiction. _918860 |
|
| 650 | 1 |
_aWorld War, 1939-1945 _xJews _xFiction. _918861 |
|
| 650 | 1 |
_aHolocaust, Jewish (1939-1945) _xFiction. _918862 |
|
| 650 | 1 |
_aConcentration camps _zCzechoslovakia _xFiction. _918863 |
|
| 650 | 1 |
_aJews _zEurope _xFiction. _918864 |
|
| 906 |
_a7 _bcbc _corignew _d1 _eocip _f19 _gy-gencatlg |
||
| 942 |
_2lcc _cBK-FIC |
||
| 999 |
_c108 _d108 |
||